Días de papel (Record no. 91781)

MARC details
000 -LEADER
campo de control de longitud fija 00901nam a2200253 i 4500
001 - NÚMERO DE CONTROL
campo de control 91781
003 - IDENTIFICADOR DE NÚMERO DE CONTROL
campo de control ES-MaACL
005 - FECHA Y HORA DE LA ÚLTIMA TRANSACCIÓN
campo de control 20250823063046.0
007 - CAMPO FIJO DE DESCRIPCIÓN FÍSICA--INFORMACIÓN GENERAL
campo de control de longitud fija t|
008 - DATOS DE LONGITUD FIJA--INFORMACIÓN GENERAL
campo de control de longitud fija 050214s2004 sp af |||| |bspa d
020 ## - NÚMERO INTERNACIONAL ESTÁNDAR DEL LIBRO
Número Internacional Estándar del Libro 84-933509-4-X
080 ## - NÚMERO DE LA CLASIFICACIÓN DECIMAL UNIVERSAL
Número de la Clasificación Decimal Universal 929Gutiérrez, José Luis
080 ## - NÚMERO DE LA CLASIFICACIÓN DECIMAL UNIVERSAL
Número de la Clasificación Decimal Universal 070(460)"1975/96"
100 1# - ENTRADA PRINCIPAL--NOMBRE DE PERSONA
Nombre de persona Gutiérrez Suárez, José Luis
9 (RLIN) 61063
245 10 - MENCIÓN DEL TÍTULO
Título Días de papel
Resto del título : una evocación sentimental de algunos avatares de la Prensa en los 25 años de la Constitución española /
Mención de responsabilidad, etc. José Luis Gutiérrez.
250 ## - MENCION DE EDICION
Mención de edición 2ª ed., [amp.].
260 ## - PUBLICACIÓN, DISTRIBUCIÓN, ETC.
Lugar de publicación, distribución, etc. Madrid :
Nombre del editor, distribuidor, etc. Saber y Comunicación,
Fecha de publicación, distribución, etc. 2004.
300 ## - DESCRIPCIÓN FÍSICA
Extensión XXXI, 406 p., [20] p. de lám. ;
Dimensiones 22 cm.
600 14 - PUNTO DE ACCESO ADICIONAL DE MATERIA--NOMBRE DE PERSONA
Nombre de persona Gutiérrez Suárez, José Luis
9 (RLIN) 61063
650 14 - PUNTO DE ACCESO ADICIONAL DE MATERIA--TÉRMINO DE MATERIA
Término de materia o nombre geográfico como elemento de entrada Prensa-
Subdivisión geográfica España-
Subdivisión cronológica 1975-1982.
9 (RLIN) 16356
650 14 - PUNTO DE ACCESO ADICIONAL DE MATERIA--TÉRMINO DE MATERIA
Término de materia o nombre geográfico como elemento de entrada Prensa-
Subdivisión geográfica España-
Subdivisión cronológica 1982-1996.
9 (RLIN) 16357
852 ## - LOCALIZACIÓN
Ubicación ES-MaACL
Número de control de estantería L-28842
Holdings
Estatus retirado Estado de pérdida Estado de daño No para préstamo Biblioteca de origen Biblioteca actual Ubicación en estantería Fecha de adquisición Fuente de adquisición Total de préstamos Signatura topográfica completa Código de barras Visto por última vez Precio de reemplazo Tipo de ítem Koha
        Biblioteca del Ateneo de Madrid Biblioteca del Ateneo de Madrid Depósito 2 17/01/2008     L-28842 1095827 23/02/2023 23/02/2023 Libro impreso